000 00704nam a2200289Ia 4500
008 171120s9999 xx 000 0 und d
020 _a753405180
050 _a502.2
050 _bW218 1993
100 _aWalpole, Brenda
245 _aI wonder why the sun rises :
245 _band other questions about time and seasons /
245 _cby Brenda Walpole.
260 _aLondon :
260 _bKingfisher,
260 _c1993
300 _a32 pages :
300 _bcolor illustrations ;
300 _c29cm.
440 _aI wonder why.
650 _aSeasons --
650 _aTime --
650 _xMiscellanea.
650 _xMiscellanea.
700 _aSeries.
700 _aTitle.
999 _c344973
_d344973